Statistiques concernant Culture Générale - Série 1353

Cliquez ici pour prendre le quiz!

Statistiques générales

  • Ce quiz a été pris 40 fois
  • Le résultat moyen est 4 sur 10

Statistiques - réponses

QuestionRéponse% Correct
Quel accessoire à plateaux est l'un des symboles traditionnels de la justice ?balance
92%
Quelle est la capitale du Rwanda ?Kigali
62%
En quelle année les troupes soviétiques interviennent-elles en Afghanistan ?1979
59%
Comment appelle-t-on l'équivalent de la ménopause, chez l'homme ?andropause
54%
Dans quelle religion doit-on se libérer du désir pour atteindre le nirvana ?boudhisme
51%
Quel nom porte un alliage de cuivre et d'étain ?bronze
46%
Dans quel département français se trouve la ville de Vittel ?Vosges
24%
Quel homme politique de la IIIe République a été 25 fois ministre et 11 fois président du Conseil ?Aristide Briand
5%
En 1983, quelle comédienne incarne Thérèse Humbert, dans un feuilleton signé Marcel Bluwal ?Simone Signoret
5%
Quel petit chien de compagnie, originaire du Tibet, a un nom qui signifie "chien lion" en chinois ?Shih Tzu
0%

Distribution des résultats

Percentile par nombre de réponses

% des personnes avec chaque résultat

Votre développement - résultats

Vous n’avez pas pris ce quiz